World War Two American Aircraft - Statistics

General Stats
  • This quiz has been taken 1,643 times
  • The average score is 9 of 15
Answer Stats
Hint Answer % Correct
Mustang P-51
96%
Flying Fortress B-17
93%
Superfortress B-29
87%
Mitchell B-25
80%
Thunderbolt P-47
74%
Corsair F4U
72%
Warhawk P-40
71%
Airacobra P-39
63%
Wildcat F4F
62%
Hellcat F6F
62%
Marauder B-26
51%
King Cobra P-63
42%
Avenger TBF
29%
Apache A-36
27%
Skymaster C-54
19%
No matching quizzes found
Score Distribution
Percent of People with Each Score
Percentile by Number Answered
Your Score History
You have not taken this quiz